The Heidelberg University Library globally linked

Saved in:
Bibliographic Details
Main Authors: Balzuweit, Rike (Author) , Probst, Veit (Author)
Format: Chapter/Article
Language:English
Published: 2012
In: Wissenschaftsatlas of Heidelberg University
Year: 2012, Pages: 204-207
Online Access: Get full text
Author Notes:Rike Balzuweit; Veit Probst

MARC

LEADER 00000caa a22000002c 4500
001 1453043837
003 DE-627
005 20220810233325.0
007 tu
008 130605s2012 xx ||||| 00| ||eng c
035 |a (DE-627)1453043837 
035 |a (DE-576)383043832 
035 |a (DE-599)BSZ383043832 
035 |a (OCoLC)1340489104 
040 |a DE-627  |b ger  |c DE-627  |e rakwb 
041 |a eng 
084 |a 02  |2 sdnb 
100 1 |a Balzuweit, Rike  |d 1962-  |0 (DE-588)1019912529  |0 (DE-627)69105567X  |0 (DE-576)348406673  |4 aut 
245 1 4 |a The Heidelberg University Library globally linked  |c Rike Balzuweit; Veit Probst 
264 1 |c 2012 
300 |a 4 
336 |a Text  |b txt  |2 rdacontent 
337 |a ohne Hilfsmittel zu benutzen  |b n  |2 rdamedia 
338 |a Band  |b nc  |2 rdacarrier 
700 1 |a Probst, Veit  |d 1958-  |0 (DE-588)1014090466  |0 (DE-627)66573767X  |0 (DE-576)166040908  |4 aut 
773 0 8 |i In  |t Wissenschaftsatlas of Heidelberg University  |d Knittlingen : Verl. Bibliotheca Palatina, 2012  |g (2012), Seite 204-207  |h 392 S.  |w (DE-627)1617936510  |w (DE-576)368506436  |z 9783981146349  |7 nnam  |a The Heidelberg University Library globally linked 
773 1 8 |g year:2012  |g pages:204-207  |g extent:4  |a The Heidelberg University Library globally linked 
951 |a AR 
992 |a 20130605 
993 |a BookComponentPart 
994 |a 2012 
998 |g 1014090466  |a Probst, Veit  |m 1014090466:Probst, Veit  |d 700000  |d 701000  |e 700000PP1014090466  |e 701000PP1014090466  |k 0/700000/  |k 1/700000/701000/  |p 2  |y j 
998 |g 1019912529  |a Balzuweit, Rike  |m 1019912529:Balzuweit, Rike  |d 700000  |d 701000  |e 700000PB1019912529  |e 701000PB1019912529  |k 0/700000/  |k 1/700000/701000/  |p 1  |x j 
999 |a KXP-PPN1453043837  |e 2748233875 
BIB |a Y 
JSO |a {"physDesc":[{"extent":"4 S."}],"type":{"bibl":"chapter"},"recId":"1453043837","relHost":[{"physDesc":[{"extent":"392 S.","noteIll":"überw. Ill., graph. Darst., Kt.","noteFormat":"37 cm"}],"type":{"bibl":"map","media":"Karten"},"recId":"1617936510","corporate":[{"display":"Universität Heidelberg","role":"oth"}],"origin":[{"publisherPlace":"Knittlingen","publisher":"Verl. Bibliotheca Palatina","dateIssuedDisp":"2012","dateIssuedKey":"2012"}],"title":[{"title_sort":"Wissenschaftsatlas of Heidelberg University","subtitle":"spatio-temporal relations of academic knowledge production","title":"Wissenschaftsatlas of Heidelberg University"}],"id":{"eki":["1617936510"],"isbn":["9783981146349"]},"language":["eng"],"titleAlt":[{"title":"Universität Heidelberg - Zukunft seit 1386"}],"person":[{"family":"Meusburger","role":"edt","display":"Meusburger, Peter","given":"Peter"}],"name":{"displayForm":["Heidelberg University; Leibniz Institute for Regional Geography Leipzig (IfL). Peter Meusburger ... (eds.)"]},"part":{"extent":"4","pages":"204-207","year":"2012","text":"(2012), Seite 204-207"},"disp":"The Heidelberg University Library globally linkedWissenschaftsatlas of Heidelberg University"}],"title":[{"title_sort":"Heidelberg University Library globally linked","title":"The Heidelberg University Library globally linked"}],"language":["eng"],"origin":[{"dateIssuedDisp":"2012","dateIssuedKey":"2012"}],"name":{"displayForm":["Rike Balzuweit; Veit Probst"]},"person":[{"given":"Rike","display":"Balzuweit, Rike","role":"aut","family":"Balzuweit"},{"given":"Veit","display":"Probst, Veit","family":"Probst","role":"aut"}],"id":{"eki":["1453043837"]}} 
SRT |a BALZUWEITRHEIDELBERG2012